00915nab a2200241 uc450000100070000000500170000700800410002403500110006503500210007604000130009704100080011010000520011824500660017065000320023665000390026865000270030765000590033465000290039365000750042265000220049765000310051977301230055080202720241025090853.0030325e20021201 spa  a802027 a(OCoLC)820014739 ccomduadb aspa10aHerrera Batista, Lorenzo Miguel Angel4auteaut14aLas fuentes del aprendizaje en ambientes virtuales educativos 7aPsicología cognitiva2dcs aAmbientes virtuales de aprendizaje aAsimilación cultural aPiaget, Jean, 1886-1980 - Crítica e interpretación aEstructuras conceptuales aInnovaciones tecnológicas de la información y de la comunicación 7aAprendizaje2lemb 7aProcesos cognitivos2embne0 tReencuentro : Análisis de Problemas Universitarios (México)gNo. 35, Dic. 2002, p. 70-84w308832z0188168X0104906